[Event "Liberec Region-chT 2223"]
[Site "Czech Republic"]
[Date "2023.01.15"]
[Round "6.3"]
[White "Petrlik, Martin"]
[Black "Matusu, Dalibor"]
[Result "1-0"]
[WhiteElo "1834"]
[BlackElo "1852"]
[PlyCount "45"]
[EventDate "2022.10.09"]
[EventType "team-tourn"]
[EventRounds "11"]
[EventCountry "CZE"]
[SourceTitle "EXT 2024"]
[Source "ChessBase"]
[SourceDate "2023.10.10"]
[SourceVersion "1"]
[SourceVersionDate "2023.10.10"]
[SourceQuality "1"]

1. e4 c5 2. Nf3 Nc6 3. Bc4 e6 4. 0-0 Nf6 5. Nc3 Ng4 6. d4 cxd4 7. Nxd4 Nge5 8. Bb3 Bc5 9. Be3 Nxd4 10. Bxd4 Bxd4 11. Qxd4 f6 12. Rad1 0-0 13. Bxe6+ dxe6 14. Qxd8 Rxd8 15. Rxd8+ Kf7 16. Rfd1 Nc6 17. R8d2 a6 18. Na4 Rb8 19. Nb6 Ne7 20. Rd8 h6 21. Nd7 Ra8 22. Rf8+ Kg6 23. Nb6 1-0